| 000 | 01965cam a22004334a 4500 | ||
|---|---|---|---|
| 001 | z9mscp b2690453 | ||
| 003 | OSt | ||
| 005 | 20250313163913.0 | ||
| 008 | 070118t20062006mnua j b 001 0 eng | ||
| 010 | _a2005025848 | ||
| 020 |
_a0736860177 _qhardcover _qalkaline paper |
||
| 024 | 3 | _a9780736860178 | |
| 040 |
_aDLC _beng _cDLC _dBAKER _dDPL |
||
| 041 | 1 |
_aeng _aspa _heng |
|
| 050 | 0 | 0 |
_aQA113 _b.C38718 2006 |
| 082 | 0 | 0 |
_a513.2/11 _222 |
| 099 |
_aj513.211 _aCatala |
||
| 100 | 1 |
_aCatala, Ellen. _0https://id.loc.gov/authorities/names/n00014906. |
|
| 240 | 1 | 0 |
_aI love a parade. _lSpanish & English _0https://id.loc.gov/authorities/names/n2005066101. |
| 245 | 1 | 0 |
_aI love a parade / _cby Ellen Catala = Me gustan los desfiles / por Ellen Catala. |
| 246 | 3 | 1 | _aMe gustan los desfiles. |
| 264 | 1 |
_aBloomington, Minn. : _bRed Brick Learning, _c[2006] |
|
| 264 | 4 | _c℗♭2006. | |
| 300 |
_a18 pages : _bcolor illustrations ; _c21 cm. |
||
| 336 |
_atext _btxt _2rdacontent. |
||
| 337 |
_aunmediated _bn _2rdamedia. |
||
| 338 |
_avolume _bnc _2rdacarrier. |
||
| 385 |
_nage _aChildren _2lcdgt. |
||
| 490 | 1 | _aYellow Umbrella Books for early readers. Nivel A, Matem©Łticas. | |
| 504 | _aIncludes an index. | ||
| 520 | _a"Simple text and photos present opportunities to practice counting and to share in the excitement of watching a parade"--Provided by publisher. | ||
| 650 | 0 |
_aCounting _vJuvenile literature. _0https://id.loc.gov/authorities/subjects/sh2008100753. |
|
| 650 | 0 |
_aParades _0https://id.loc.gov/authorities/subjects/sh85097741 _vJuvenile literature. _0https://id.loc.gov/authorities/subjects/sh99001674. |
|
| 650 | 0 |
_aSpanish language materials _xBilingual. |
|
| 655 | 7 |
_aLiterature. _2lcgft _0https://id.loc.gov/authorities/genreForms/gf2014026415. |
|
| 830 | 0 |
_aYellow Umbrella Books for early readers. _nNivel A, _pMatem©Łticas (Bilingual ed.) _0https://id.loc.gov/authorities/names/n2006035257. |
|
| 907 | _a.b286130774 | ||
| 942 | _cBK | ||
| 999 |
_c30919 _d30917 |
||